000 00574nam a2200241 a 4500
001 nice12345678
003 IN_TiNIC
005 20260116011340.0
008 050524s1932 laha grp 000 0 eng
020 _a
_c100
082 0 0 _a922.97
_bALI
100 _aAli, S A
245 _aIqbal His Poetry and Message
260 _aLahore
_bHospital Road
_c1932
300 _a304p
500 _aincludes index and biblioraphy
505 2 _aBibliographt, Index
650 _aIqbal Muhammad-Poetry
700 1 _aAli, S A
902 _bSRS
942 _cBK
999 _c731
_d731